| 000 | 00615nam a2200229Ia 4500 | ||
|---|---|---|---|
| 003 | 0100 | ||
| 005 | 20160802123828.0 | ||
| 008 | 130303s9999 xx 000 0 und d | ||
| 020 | _a0192876937 | ||
| 040 | _cARRUPELIB | ||
| 050 | _aB2741.G47 1997 | ||
| 100 |
_aScruton, Roger...(et al.) _924462 |
||
| 245 | _aGerman philosophers | ||
| 260 | _aOxford | ||
| 260 | _bOxford University Press | ||
| 300 | _a446 p. | ||
| 300 | _b 21 cm | ||
| 440 |
_aPast masters _914869 |
||
| 650 |
_aPhilosophy _y18th Century _zGerman _924463 |
||
| 650 |
_aPhilosophy _y19th Century _zGermany _924464 |
||
| 942 |
_2lcc _cMONOGRAPH |
||
| 999 |
_c15851 _d15851 |
||